Diseño de síntesis orgánica (Record no. 134079)

MARC details
000 -LEADER
campo de control de longitud fija 00646nam a2200205 i 4500
001 - NÚMERO DE CONTROL
campo de control 134079
003 - IDENTIFICADOR DE NÚMERO DE CONTROL
campo de control ES-MaACL
007 - CAMPO FIJO DE DESCRIPCIÓN FÍSICA--INFORMACIÓN GENERAL
campo de control de longitud fija t|
008 - DATOS DE LONGITUD FIJA--INFORMACIÓN GENERAL
campo de control de longitud fija 070905s1983 sp ||||1| spa d
100 1# - ENTRADA PRINCIPAL--NOMBRE DE PERSONA
Nombre de persona Warren, Stuart.
9 (RLIN) 116129
245 10 - MENCIÓN DEL TÍTULO
Título Diseño de síntesis orgánica
Resto del título : introducción programada al metódo del sintón /
Mención de responsabilidad, etc. S. Warren ; versión de Armesto Vilas.
260 ## - PUBLICACIÓN, DISTRIBUCIÓN, ETC.
Lugar de publicación, distribución, etc. [Madrid] :
Nombre del editor, distribuidor, etc. Alhambra,
Fecha de publicación, distribución, etc. [1983]
300 ## - DESCRIPCIÓN FÍSICA
Extensión VIII, 279 p. ;
Dimensiones 20 cm.
490 1# - MENCIÓN DE SERIE
Mención de serie Vextix
700 1# - ENTRADA AGREGADA--NOMBRE PERSONAL
Nombre de persona Vilas, Armesto.
9 (RLIN) 114828
830 0# - PUNTO DE ACCESO ADICIONAL DE SERIE-TÍTULO UNIFORME
Título uniforme Vextix
9 (RLIN) 219816
852 ## - LOCALIZACIÓN
Ubicación ES-MaACL
Número de control de estantería L-4875
Sublocalización o colección R.104995
852 ## - LOCALIZACIÓN
Ubicación ES-MaACL
Número de control de estantería L-7845
Sublocalización o colección R.108002
Holdings
Estatus retirado Estado de pérdida Estado de daño No para préstamo Biblioteca de origen Biblioteca actual Ubicación en estantería Fecha de adquisición Fuente de adquisición Total de préstamos Signatura topográfica completa Código de barras Visto por última vez Precio de reemplazo Tipo de ítem Koha
        Biblioteca del Ateneo de Madrid Biblioteca del Ateneo de Madrid Depósito 2 17/01/2008     L-7845 1139570 23/02/2023 23/02/2023 Libro impreso
        Biblioteca del Ateneo de Madrid Biblioteca del Ateneo de Madrid Depósito 2 17/01/2008     L-4875 1139569 23/02/2023 23/02/2023 Libro impreso